00466 2200193 4500001002100000005001500021035002000036008004100056245004500097100001800142250000600160260003800166300001200204084001400216082000800230650001000238990001200248990001200260INLIS00000000000095020240531091100 a0010-0524000185240531 1 ind 1 aLooking For Laskar Cinta /cMonica Petra aPetra, Monica a1 aYogyakarta :bSheila/ Andi,c2009 a200 hlm a813 MON l a813 4aFiksi a0741654 a0741655